[Event "9. Lichtenberger Sommer"]
[Site "Berlin"]
[Date "2010.08.07"]
[Round "2.6"]
[White "Von Herman, Ulf"]
[Black "Guenther, Thomas"]
[Result "1-0"]
[WhiteElo "2400"]
[BlackElo "2096"]
[PlyCount "135"]
[EventDate "2010.??.??"]
[WhiteTeam "SK König Tegel 1949 e.V."]
[BlackTeam "SV Senat"]

1. d4 Nf6 2. c4 e6 3. Nf3 d5 4. Nc3 Be7 5. Bf4 O-O 6. e3 c6 7. Rc1 Nbd7 8. h3
b6 9. Bd3 Bb7 10. O-O a6 11. cxd5 exd5 12. Ne5 g6 13. Bh6 Re8 14. f4 c5 15. Qf3
cxd4 16. exd4 Bd6 17. Bg5 Be7 18. Rce1 Ne4 19. Bh6 Nd2 20. Qg4 Nf6 21. Qd1 Nxf1
22. Rxf1 Ne4 23. Nxe4 dxe4 24. Bc4 Bd5 25. Qb3 Bxc4 26. Qxc4 Bf6 27. Qxf7+ Kh8
28. Kh1 Rc8 29. Qb3 Re7 30. Nf7+ Rxf7 31. Qxf7 Qxd4 32. Kh2 Bg7 33. Bxg7+ Qxg7
34. Qe6 Qc7 35. Qxe4 Kg8 36. Qe6+ Kg7 37. Kh1 Rf8 38. Rd1 Qxf4 39. Qxb6 Rb8 40.
Qa7+ Kh6 41. b3 Rc8 42. Qd4 Qf7 43. Qe3+ Kg7 44. Qd4+ Kh6 45. Qd3 Rc6 46. Rf1
Qc7 47. Qd2+ Kg7 48. Qd4+ Kh6 49. Qf4+ Qxf4 50. Rxf4 Kg5 51. Ra4 h5 52. h4+ Kf5
53. Kh2 Ke5 54. Kg3 Rf6 55. Ra5+ Kd4 56. b4 Kc4 57. a3 Kb3 58. Kh3 Kc4 59. g4
hxg4+ 60. Kxg4 Rd6 61. Kg5 Re6 62. Kh6 Rd6 63. Kg7 Rb6 64. Kf7 Kb3 65. Ke7 Rc6
66. Kd7 Rc4 67. Rxa6 Rxh4 68. b5 1-0

[Event "9. Lichtenberger Sommer"]
[Site "Berlin"]
[Date "2010.08.07"]
[Round "2.7"]
[White "Thier, Jürgen"]
[Black "Figura, Atila Gajo"]
[Result "0-1"]
[WhiteElo "2073"]
[BlackElo "2403"]
[PlyCount "58"]
[EventDate "2010.??.??"]
[WhiteTeam "SF Heidelberg"]
[BlackTeam "SC Kreuzberg e.V."]

1. Nf3 Nf6 2. c4 e6 3. Nc3 d5 4. d4 Bb4 5. Bg5 h6 6. Bxf6 Qxf6 7. e3 O-O 8. Qc2
c5 9. a3 cxd4 10. Nxd4 Bxc3+ 11. Qxc3 dxc4 12. Bxc4 Nd7 13. Rc1 Nb6 14. Ba2 e5
15. Nf3 Bh3 16. O-O Qg6 17. Nh4 Qg5 18. Qb4 Bg4 19. Rc7 Qxh4 20. Rfc1 Qg5 21.
h4 Qg6 22. Kh2 Rac8 23. f3 Rxc7 24. Rxc7 Be6 25. Bxe6 Qxe6 26. Rxb7 Nc8 27. Qc3
e4 28. b4 exf3 29. gxf3 Nd6 0-1

[Event "9. Lichtenberger Sommer"]
[Site "Berlin"]
[Date "2010.08.07"]
[Round "2.8"]
[White "Kramer, Wolfgang"]
[Black "Muse, Drazen"]
[Result "1/2-1/2"]
[WhiteElo "2034"]
[BlackElo "2378"]
[PlyCount "75"]
[EventDate "2010.??.??"]
[WhiteTeam "SG Schönbuch"]
[BlackTeam "SK König Tegel 1949 e.V."]

1. e4 d6 2. d4 Nf6 3. Nc3 e5 4. Nge2 Be7 5. f3 c6 6. dxe5 dxe5 7. Qxd8+ Bxd8 8.
Be3 Be6 9. a3 Nbd7 10. Nc1 Bb6 11. Kf2 O-O-O 12. Na4 Bxe3+ 13. Kxe3 Nh5 14. Nd3
Bc4 15. g3 Kc7 16. b3 Bxd3 17. Bxd3 b5 18. Nb2 g6 19. b4 a6 20. a4 Rb8 21. axb5
axb5 22. Ra7+ Rb7 23. Rha1 Nb6 24. c4 bxc4 25. Bxc4 f5 26. exf5 gxf5 27. Bd3
f4+ 28. Kf2 Nf6 29. Rxb7+ Kxb7 30. Re1 fxg3+ 31. hxg3 Re8 32. Be4 Kc7 33. Nd3
Nc4 34. Rc1 Nxe4+ 35. fxe4 Nd6 36. Ke3 Nb5 37. Rh1 Re7 38. Rh5 1/2-1/2

[Event "9. Lichtenberger Sommer"]
[Site "Berlin"]
[Date "2010.08.07"]
[Round "2.9"]
[White "Brüdigam, Martin"]
[Black "Poseck, Steffen"]
[Result "1/2-1/2"]
[WhiteElo "2318"]
[BlackElo "2064"]
[PlyCount "93"]
[EventDate "2010.??.??"]
[WhiteTeam "Sfrd. Berlin 1903 e.V."]
[BlackTeam "BSV 63 Chemie Weißensee"]

1. e4 d5 2. exd5 Qxd5 3. Nf3 Nf6 4. d4 c6 5. c4 Qd8 6. Be2 g6 7. h3 Bg7 8. O-O
O-O 9. Nc3 Bf5 10. Bf4 Ne4 11. Qb3 Qb6 12. Rfd1 Qxb3 13. axb3 Na6 14. g4 Nxc3
15. bxc3 Bd7 16. Ne5 Be8 17. Nd3 Bd7 18. Bf3 Rfc8 19. Re1 Bf8 20. Ra2 Nc7 21.
Rea1 a6 22. Nc5 Ne6 23. Nxd7 Nxf4 24. Nb6 Nxh3+ 25. Kg2 Ng5 26. Nxa8 Rxa8 27.
d5 c5 28. b4 Rc8 29. b5 Bg7 30. Ra3 Be5 31. Re1 f6 32. bxa6 bxa6 33. Rxa6 Rb8
34. Rc6 Bd6 35. Rc1 Ra8 36. Bd1 Nf7 37. Rb6 Ne5 38. Be2 Ra4 39. f3 Nxc4 40.
Bxc4 Rxc4 41. Ra6 Kf7 42. Kf2 h5 43. gxh5 gxh5 44. Ke2 h4 45. Kd3 Rf4 46. Ke3
Rf5 47. Rh1 1/2-1/2

[Event "9. Lichtenberger Sommer"]
[Site "Berlin"]
[Date "2010.08.07"]
[Round "2.10"]
[White "Solhdjou, Mohammed"]
[Black "Postler, Reinhard"]
[Result "0-1"]
[WhiteElo "1961"]
[BlackElo "2327"]
[PlyCount "124"]
[EventDate "2010.??.??"]
[WhiteTeam "vereinslos"]
[BlackTeam "TSG Oberschöneweide e.V."]

1. d4 Nf6 2. Nf3 d5 3. e3 Bf5 4. c4 c6 5. Nc3 e6 6. Be2 Nbd7 7. O-O Ne4 8. cxd5
exd5 9. Nxe4 Bxe4 10. Bd3 Bd6 11. Qe2 Qc7 12. g3 Nf6 13. Ne1 O-O 14. f3 Bxd3
15. Nxd3 Rfe8 16. Bd2 Qb6 17. Rf2 Re7 18. b4 Rae8 19. Qf1 Qc7 20. Rc1 Nd7 21.
Nb2 Re6 22. b5 c5 23. Nd1 b6 24. Nc3 Nf6 25. Qh3 Qd7 26. g4 cxd4 27. exd4 h5
28. g5 Nh7 29. Qxh5 Bb4 30. f4 g6 31. Qf3 Bxc3 32. Rxc3 Re4 33. f5 Rxd4 34. Rc6
gxf5 35. g6 Rg4+ 36. Qxg4 fxg4 37. gxf7+ Qxf7 38. Rxf7 Kxf7 39. Rd6 Nf6 40. Bc3
Ne4 41. Rc6 Nxc3 42. Rxc3 Kf6 43. Kf2 Rh8 44. Kg2 Rh7 45. Rc6+ Kf5 46. Rd6 Ke5
47. Rg6 Kf4 48. Rd6 Ke4 49. Rg6 d4 50. Rxg4+ Ke3 51. Rg6 d3 52. Re6+ Kd4 53.
Rd6+ Kc3 54. Kg3 Rh5 55. a4 d2 56. h4 Kc2 57. Kg4 Rc5 58. h5 d1=Q+ 59. Rxd1
Kxd1 60. h6 Kc2 61. a5 bxa5 62. h7 Rc8 0-1

[Event "9. Lichtenberger Sommer"]
[Site "Berlin"]
[Date "2010.08.07"]
[Round "2.11"]
[White "Schmid, Thomas"]
[Black "Strehlow, Horst"]
[Result "1-0"]
[WhiteElo "2268"]
[BlackElo "2101"]
[PlyCount "101"]
[EventDate "2010.??.??"]
[WhiteTeam "Lübecker SV von 1873"]
[BlackTeam "SC Friesen Lichtenberg e.V."]

1. Nc3 d5 2. e4 Nf6 3. exd5 Nxd5 4. Bc4 Nb6 5. Bb3 Nc6 6. Nf3 Bf5 7. d4 e6 8.
O-O Na5 9. Qe2 Nxb3 10. axb3 c6 11. Bg5 Be7 12. Bxe7 Qxe7 13. h3 O-O 14. Ra5
Qf6 15. Ne4 Bxe4 16. Qxe4 Rfd8 17. c3 a6 18. Rh5 h6 19. g4 Nd5 20. h4 Qf4 21.
Qxf4 Nxf4 22. Re5 Rd5 23. Rxd5 cxd5 24. Ne5 g5 25. hxg5 hxg5 26. Ra1 Rd8 27.
Rd1 Kg7 28. Nd3 Nxd3 29. Rxd3 Rc8 30. Rd1 Kg6 31. Kg2 Rc6 32. b4 Rc8 33. Rh1
Re8 34. Re1 Rc8 35. Kg3 Rh8 36. f3 Kf6 37. Kg2 Ke7 38. Ra1 Kd6 39. Ra5 f6 40.
b5 axb5 41. Rxb5 Rb8 42. Rb6+ Kd7 43. Kg3 Ke7 44. Kf2 Kf7 45. Ke3 f5 46. gxf5
exf5 47. Rd6 Re8+ 48. Kf2 Rh8 49. Kg2 Re8 50. Kf1 Rh8 51. Rxd5 1-0

[Event "9. Lichtenberger Sommer"]
[Site "Berlin"]
[Date "2010.08.07"]
[Round "2.12"]
[White "Dauth, Benjamin"]
[Black "Müller, Peter"]
[Result "1-0"]
[WhiteElo "2291"]
[BlackElo "2013"]
[PlyCount "39"]
[EventDate "2010.??.??"]
[WhiteTeam "SC Rotation Pankow e.V."]
[BlackTeam "SV Berolina Mitte e.V."]

1. e4 e5 2. Bc4 Nf6 3. d4 exd4 4. Nf3 Nc6 5. O-O Bc5 6. e5 d5 7. exf6 dxc4 8.
Re1+ Be6 9. Ng5 Qd5 10. Nc3 Qf5 11. g4 Qxf6 12. Nd5 Qd8 13. Rxe6+ fxe6 14. Nxe6
Qd6 15. Bf4 Ne5 16. Qe2 Kd7 17. Nxc5+ Kc6 18. Nxc7 Qxc7 19. Bxe5 Qe7 20. Qe4+
1-0

[Event "9. Lichtenberger Sommer"]
[Site "Berlin"]
[Date "2010.08.07"]
[Round "2.13"]
[White "Jaeger, Andre"]
[Black "Petersen, Soren Boeck"]
[Result "0-1"]
[WhiteElo "2051"]
[BlackElo "2262"]
[PlyCount "60"]
[EventDate "2010.??.??"]
[WhiteTeam "SC Rochade e.V."]
[BlackTeam "Damhus Skakklub"]

1. d4 d5 2. c4 dxc4 3. Nf3 Nf6 4. e3 e6 5. Bxc4 c5 6. Qe2 a6 7. dxc5 Bxc5 8.
O-O Nc6 9. a3 O-O 10. b4 Bd6 11. Bb2 e5 12. e4 Bg4 13. Nbd2 Qe7 14. h3 Bh5 15.
Qe3 Rfe8 16. Rfe1 Rad8 17. g4 Bg6 18. Qg5 Bb8 19. Rad1 b5 20. Ba2 Ba7 21. Kg2
Nd4 22. Nh4 Ne6 23. Nxg6 hxg6 24. Bxe6 Qxe6 25. Nf3 Rxd1 26. Rxd1 Qb3 27. Rb1
Qc2 28. Nd2 Nh7 29. Qh4 Qxd2 30. Bc1 Qc2 0-1

[Event "9. Lichtenberger Sommer"]
[Site "Berlin"]
[Date "2010.08.07"]
[Round "2.14"]
[White "Plump, Detlef"]
[Black "Nötzel, Felix"]
[Result "0-1"]
[WhiteElo "2258"]
[BlackElo "1966"]
[PlyCount "136"]
[EventDate "2010.??.??"]
[WhiteTeam "Chessclub York"]
[BlackTeam "SC Borussia Friedrichsfelde 1920"]

1. e4 d5 2. exd5 Qxd5 3. Nc3 Qa5 4. d4 c6 5. Nf3 Nf6 6. Bc4 Bf5 7. O-O e6 8.
Re1 Nbd7 9. Bb3 O-O-O 10. Qe2 Qc7 11. Ne5 Nb6 12. Be3 Bd6 13. f4 h5 14. a4 Ng4
15. Nxg4 hxg4 16. Rf1 g5 17. g3 Rh3 18. Rf2 Rdh8 19. Raf1 Nd7 20. Rg2 Nf6 21.
fxg5 Nh5 22. Bf2 Qd8 23. Ne4 Bxe4 24. Qxe4 Qxg5 25. c3 Nf6 26. Qe2 Nd5 27. Bxd5
Qxd5 28. Be3 Bxg3 29. Qxg4 Bxh2+ 30. Kf2 Bd6 31. Rfg1 Qb3 32. Qe2 Rh2 33. a5
Qd5 34. b4 Rxg2+ 35. Rxg2 Qxg2+ 36. Kxg2 Rh2+ 37. Kf3 Rxe2 38. Kxe2 Kd7 39. Kd3
Bg3 40. Bd2 a6 41. Ke4 f5+ 42. Kf3 Bd6 43. c4 Ke7 44. Bc3 Kf7 45. Bd2 Kf6 46.
Bc3 e5 47. dxe5+ Bxe5 48. Bd2 Bb2 49. Kf4 Ke6 50. Be3 Bc3 51. Bc5 Bd2+ 52. Kf3
Ke5 53. Ke2 Bc1 54. Kf3 Ba3 55. Ke3 Bb2 56. Bf8 Bc1+ 57. Kd3 Bg5 58. Bg7+ Bf6
59. Bf8 Kf4 60. Bh6+ Kf3 61. Bd2 f4 62. Bc1 Be5 63. Bd2 Kg2 64. Ke4 f3 65. Be3
Bd6 66. c5 Bg3 67. Kf5 Bf2 68. Bd2 Bxc5 0-1

[Event "9. Lichtenberger Sommer"]
[Site "Berlin"]
[Date "2010.08.07"]
[Round "2.15"]
[White "Kühnemund, Lutz"]
[Black "Vogel, Robert"]
[Result "0-1"]
[WhiteElo "2131"]
[BlackElo "2284"]
[PlyCount "74"]
[EventDate "2010.??.??"]
[WhiteTeam "SC Friesen Lichtenberg e.V."]
[BlackTeam "SGem Pang/Rosenheim"]

1. b4 e5 2. Bb2 d6 3. e3 Nd7 4. c4 g6 5. Nf3 Bg7 6. Be2 Ne7 7. Nc3 O-O 8. a4 f5
9. Qb3 Kh8 10. h4 h6 11. Ng5 Nf6 12. Nh3 Be6 13. f4 Nh5 14. Bxh5 gxh5 15. Ne2
Nc6 16. Nf2 Qe7 17. Rc1 a6 18. Ng3 b5 19. Nxh5 bxc4 20. Qc3 Rab8 21. Nxg7 Qxg7
22. fxe5 Rxb4 23. Rb1 dxe5 24. Ke2 Rb3 25. Qc2 Nb4 26. Qc1 Nd3 27. Nxd3 cxd3+
28. Kf2 Rg8 29. Qc6 Qg3+ 30. Kf1 Rb6 31. Qf3 Qxf3+ 32. gxf3 Kh7 33. Rg1 Rgb8
34. Rc1 Rxb2 35. Rxc7+ Kh8 36. Rg6 Bf7 37. Rxf7 Rxd2 0-1

[Event "9. Lichtenberger Sommer"]
[Site "Berlin"]
[Date "2010.08.07"]
[Round "2.16"]
[White "Brustkern, Jürgen"]
[Black "Schildt, René"]
[Result "1-0"]
[WhiteElo "2266"]
[BlackElo "1973"]
[PlyCount "93"]
[EventDate "2010.??.??"]
[WhiteTeam "SK Zehlendorf e.V."]
[BlackTeam "SC Zugzwang 95 e.V."]

1. Nf3 Nf6 2. g3 d5 3. Bg2 e6 4. O-O Be7 5. d3 O-O 6. Nbd2 c5 7. e4 Nc6 8. Re1
b5 9. e5 Nd7 10. c3 a5 11. Nf1 a4 12. h4 Ba6 13. N1h2 b4 14. a3 bxc3 15. bxc3
Na5 16. Bg5 Nb3 17. Ra2 Re8 18. Ng4 Qa5 19. Bxe7 Rxe7 20. Rc2 Rd8 21. h5 h6 22.
Nh4 d4 23. c4 Nb6 24. Nf6+ Kh8 25. Ne4 Nxc4 26. Rxc4 Bxc4 27. dxc4 d3 28. Re3
d2 29. Nd6 Kg8 30. Rd3 Red7 31. f4 Qc7 32. Nf3 Rxd6 33. exd6 Rxd6 34. Bf1 Rxd3
35. Bxd3 Qa5 36. Qc2 f6 37. Kf2 e5 38. fxe5 fxe5 39. Be4 Kh8 40. Nxe5 Nd4 41.
Qb1 Nb3 42. Ng6+ Kh7 43. Bd5 d1=N+ 44. Qxd1 Qc3 45. Bg8+ Kxg8 46. Qd8+ Kf7 47.
Qe7+ 1-0

[Event "9. Lichtenberger Sommer"]
[Site "Berlin"]
[Date "2010.08.07"]
[Round "2.17"]
[White "Höckendorf, Hartmut"]
[Black "Muskewitz, Bernd"]
[Result "1/2-1/2"]
[WhiteElo "2232"]
[BlackElo "2017"]
[PlyCount "58"]
[EventDate "2010.??.??"]
[WhiteTeam "BSG Pneumant Fürstenwalde e.V."]
[BlackTeam "TSG Oberschöneweide e.V."]

1. e4 c5 2. Nf3 e6 3. c4 Nc6 4. Nc3 Nf6 5. Be2 d5 6. exd5 exd5 7. cxd5 Nxd5 8.
O-O Be7 9. d4 O-O 10. Nxd5 Qxd5 11. dxc5 Rd8 12. Qxd5 Rxd5 13. Be3 Bxc5 14. Bc4
Rf5 15. Bxc5 Rxc5 16. Rac1 Kf8 17. Rfe1 Bg4 18. Nd2 Rd8 19. Ne4 Re5 20. f4 Re7
21. Ng5 Rxe1+ 22. Rxe1 h6 23. Nxf7 Rd4 24. Bb3 Bh5 25. Ne5 Be8 26. g3 Rd2 27.
Nc4 Rd4 28. Ne5 Rd2 29. Nc4 Rd4 1/2-1/2

[Event "9. Lichtenberger Sommer"]
[Site "Berlin"]
[Date "2010.08.07"]
[Round "2.18"]
[White "Kötz, Andreas"]
[Black "Rietze, Clemens"]
[Result "0-1"]
[WhiteElo "2039"]
[BlackElo "2231"]
[PlyCount "79"]
[EventDate "2010.??.??"]
[WhiteTeam "SC Zitadelle Spandau 1977 e.V."]
[BlackTeam "USV Potsdam e.V., Abt. Schach"]

1. d4 Nf6 2. c4 c5 3. Nf3 cxd4 4. Nxd4 e5 5. Nb5 d5 6. cxd5 Bc5 7. e3 O-O 8. a3
a6 9. b4 axb5 10. bxc5 Nxd5 11. Bb2 Nc6 12. Qd2 Qa5 13. Qxa5 Rxa5 14. Nd2 Nc7
15. Bc3 Ra4 16. Bd3 Be6 17. Ke2 Rfa8 18. Bb2 f6 19. Rhc1 Bd5 20. f3 Ne7 21. Ne4
Bc6 22. Bc2 R4a6 23. Rd1 Kf8 24. Rac1 Ncd5 25. Bd3 Ra4 26. Rd2 b4 27. axb4 Nxb4
28. Bc4 Na2 29. Bxa2 Rxa2 30. Nd6 Nd5 31. Bc3 R2a3 32. Kd3 Rb3 33. Rb2 Raa3 34.
Rxb3 Rxb3 35. Kd2 Ke7 36. Nf5+ Kf7 37. e4 Nf4 38. g3 Ne6 39. Ke2 Nxc5 40. Rc2
0-1

[Event "9. Lichtenberger Sommer"]
[Site "Berlin"]
[Date "2010.08.07"]
[Round "2.19"]
[White "Friedrich, Wiede"]
[Black "Hohn, August"]
[Result "1/2-1/2"]
[WhiteElo "2183"]
[BlackElo "2031"]
[PlyCount "56"]
[EventDate "2010.??.??"]
[WhiteTeam "USV Potsdam e.V., Abt. Schach"]
[BlackTeam "SC Zugzwang 95 e.V."]

1. e4 c6 2. d4 d5 3. e5 Bf5 4. Nf3 e6 5. Be2 Ne7 6. O-O Nd7 7. Nh4 Bg6 8. Bg5
Qb6 9. b3 Nf5 10. Nxg6 hxg6 11. c3 Be7 12. Bxe7 Kxe7 13. Qc1 f6 14. exf6+ gxf6
15. Nd2 Rae8 16. Re1 Qc7 17. Nf1 Kd8 18. Bg4 e5 19. Bxf5 gxf5 20. dxe5 Nxe5 21.
Qf4 Qh7 22. Re3 Reg8 23. Rg3 Kd7 24. Rxg8 Rxg8 25. Ng3 Ke6 26. h3 Qg6 27. Re1
Qg5 28. Qxg5 fxg5 1/2-1/2

[Event "9. Lichtenberger Sommer"]
[Site "Berlin"]
[Date "2010.08.07"]
[Round "2.20"]
[White "von Löhneysen, Leonard"]
[Black "Kohler, Thomas"]
[Result "1/2-1/2"]
[WhiteElo "2054"]
[BlackElo "2246"]
[PlyCount "63"]
[EventDate "2010.??.??"]
[WhiteTeam "SK Zehlendorf e.V."]
[BlackTeam "SC Zitadelle Spandau 1977 e.V."]

1. c4 g6 2. g3 Bg7 3. Bg2 c5 4. Nc3 Nc6 5. a3 a6 6. Rb1 Rb8 7. b4 cxb4 8. axb4
b5 9. cxb5 axb5 10. Nf3 Nf6 11. d4 d5 12. Bf4 Rb6 13. O-O Bf5 14. Rb3 Ne4 15.
Nxe4 dxe4 16. Ng5 Nxd4 17. Ra3 e5 18. Be3 Rd6 19. Bxd4 Rxd4 20. Qc1 O-O 21. h4
h6 22. Nh3 Rxb4 23. e3 Rc4 24. Qb1 b4 25. Rb3 Qa5 26. Rd1 Rfc8 27. Bf1 R4c5 28.
Rxb4 Bg4 29. Re1 Bf3 30. Rb8 Qc7 31. Rb7 Qa5 32. Rb8 1/2-1/2

[Event "9. Lichtenberger Sommer"]
[Site "Berlin"]
[Date "2010.08.07"]
[Round "2.21"]
[White "Dimitrijeski, Kristian"]
[Black "Kirchhof, Arno"]
[Result "1-0"]
[WhiteElo "2229"]
[BlackElo "2048"]
[PlyCount "149"]
[EventDate "2010.??.??"]
[WhiteTeam "SK König Tegel 1949 e.V."]
[BlackTeam "SC Zugzwang 95 e.V."]

1. d4 d5 2. c4 e6 3. Nc3 Nf6 4. cxd5 exd5 5. Bg5 Be7 6. e3 c6 7. Bd3 O-O 8. Qc2
Nbd7 9. Nge2 Re8 10. h3 Ne4 11. Bf4 Ndf6 12. O-O Bd6 13. Nxe4 dxe4 14. Bc4 Be6
15. Bg5 Bxc4 16. Qxc4 Be7 17. b4 Qd5 18. Qxd5 Nxd5 19. Bxe7 Rxe7 20. Rab1 a6
21. a4 Rc7 22. Rfc1 Rac8 23. Ng3 Re8 24. b5 axb5 25. axb5 g6 26. bxc6 bxc6 27.
Rc5 f5 28. Rbc1 Nb4 29. R1c4 Rb7 30. Ne2 Ra8 31. Nf4 Ra1+ 32. Kh2 Kf7 33. g4
fxg4 34. hxg4 Nd3 35. Rxc6 Nxf2 36. Rc7+ Rxc7 37. Rxc7+ Kf6 38. Kg3 Nd3 39.
Rc6+ Kf7 40. Rc7+ Kf6 41. Rxh7 Rg1+ 42. Ng2 Ne1 43. Rh2 Nd3 44. Rh8 Ne1 45.
Rf8+ Kg5 46. Rf2 Nd3 47. Ra2 Ne1 48. Ra5+ Kf6 49. g5+ Kf7 50. Kf2 Rxg2+ 51.
Kxe1 Rg3 52. Kf2 Rf3+ 53. Ke2 Rg3 54. Re5 Rg2+ 55. Kf1 Rg3 56. Rxe4 Rxg5 57.
Kf2 Ra5 58. Kf3 Rb5 59. Kf4 g5+ 60. Kg4 Ra5 61. Kh5 Rb5 62. Kg4 Ra5 63. Kf3 Rb5
64. Rg4 Kf6 65. Ke4 Rb1 66. Rg2 Ra1 67. Rf2+ Kg6 68. d5 Rd1 69. Ke5 g4 70. e4
Kg5 71. Ke6 g3 72. Rf8 Rd2 73. d6 g2 74. d7 Kg4 75. e5 1-0

[Event "9. Lichtenberger Sommer"]
[Site "Berlin"]
[Date "2010.08.07"]
[Round "2.22"]
[White "Schmidt, Jürgen"]
[Black "Niehaus, Frank"]
[Result "1/2-1/2"]
[WhiteElo "2017"]
[BlackElo "2201"]
[PlyCount "43"]
[EventDate "2010.??.??"]
[WhiteTeam "SC Kreuzberg e.V."]
[BlackTeam "SK König Tegel 1949 e.V."]

1. e4 c5 2. Nf3 d6 3. d4 cxd4 4. Nxd4 Nf6 5. Bb5+ Bd7 6. Bxd7+ Qxd7 7. Nc3 g6
8. O-O Bg7 9. h3 O-O 10. Be3 Nc6 11. Nxc6 Qxc6 12. Nd5 Rfe8 13. Qd3 a6 14. c3
Rac8 15. Nb6 Rcd8 16. Nd5 e6 17. Nxf6+ Bxf6 18. f4 Rc8 19. f5 exf5 20. exf5 d5
21. fxg6 hxg6 22. Rad1 1/2-1/2

[Event "9. Lichtenberger Sommer"]
[Site "Berlin"]
[Date "2010.08.07"]
[Round "2.23"]
[White "Jahnz, Fabian"]
[Black "Karpa, Adrian"]
[Result "1-0"]
[WhiteElo "2186"]
[BlackElo "1852"]
[PlyCount "71"]
[EventDate "2010.??.??"]
[WhiteTeam "SK König Tegel 1949 e.V."]
[BlackTeam "SK Landau"]

1. e4 c5 2. c3 d5 3. exd5 Qxd5 4. d4 Nf6 5. Nf3 Bg4 6. dxc5 Qxd1+ 7. Kxd1 e5 8.
b4 e4 9. h3 exf3 10. hxg4 Nxg4 11. Bb5+ Kd8 12. Rg1 fxg2 13. Rxg2 h5 14. Bc4
Ne5 15. Bd5 Nbc6 16. f4 Ng4 17. Bxf7 Nf6 18. Be6 a5 19. b5 Na7 20. a4 Ne4 21.
c6 bxc6 22. b6 Nc5 23. Bf5 Nc8 24. Rd2+ Nd6 25. Ba3 Nb3 26. Bxd6 Bxd6 27. Rxd6+
Ke7 28. Re6+ Kf7 29. Ra3 Rad8+ 30. Kc2 Rd5 31. Rxb3 Rxf5 32. Rxc6 h4 33. b7 Rb8
34. Rc8 Rxb7 35. Rxb7+ Kg6 36. Rcc7 1-0

[Event "9. Lichtenberger Sommer"]
[Site "Berlin"]
[Date "2010.08.07"]
[Round "2.24"]
[White "Barwich, Andreas"]
[Black "Reichenbach, Werner"]
[Result "0-1"]
[WhiteElo "1905"]
[BlackElo "2269"]
[PlyCount "102"]
[EventDate "2010.??.??"]
[WhiteTeam "SV Berolina Mitte e.V."]
[BlackTeam "SK Zehlendorf e.V."]

1. d4 Nf6 2. Nc3 d6 3. e4 g6 4. Nf3 Bg7 5. h3 O-O 6. Be3 c6 7. Qd2 b5 8. e5
Nfd7 9. exd6 exd6 10. Bd3 Nf6 11. O-O Re8 12. Bg5 b4 13. Ne2 Ba6 14. Ng3 Bxd3
15. Qxd3 h6 16. Bd2 Nd5 17. c4 bxc3 18. bxc3 Nd7 19. Rab1 Qc7 20. h4 h5 21. Ng5
Nf8 22. c4 Nb6 23. Bf4 Qd7 24. N5e4 d5 25. cxd5 cxd5 26. Nd2 Qg4 27. Be5 Qxh4
28. Nf3 Qd8 29. Rfc1 Nc4 30. Bxg7 Kxg7 31. Rb7 Re7 32. Rxe7 Qxe7 33. Re1 Qf6
34. Ne5 Rc8 35. f4 Qxf4 36. Ne2 Nxe5 37. Nxf4 Nxd3 38. Nxd3 Rc4 39. Re7 Rxd4
40. Nc5 Rc4 41. Nb3 Ra4 42. Nc1 Ne6 43. Rd7 d4 44. Kf2 Ra3 45. Rb7 h4 46. Rb2
Nc5 47. Ke2 Rc3 48. Nb3 Rg3 49. Kd1 Nxb3 50. axb3 a5 51. b4 h3 0-1

[Event "9. Lichtenberger Sommer"]
[Site "Berlin"]
[Date "2010.08.07"]
[Round "2.25"]
[White "Förster, Jonas"]
[Black "Mai, Andreas"]
[Result "1-0"]
[WhiteElo "2204"]
[BlackElo "1949"]
[PlyCount "115"]
[EventDate "2010.??.??"]
[WhiteTeam "SSC Rostock 07"]
[BlackTeam "SC Friesen Lichtenberg e.V."]

1. e4 d6 2. d4 Nf6 3. Nc3 g6 4. Nf3 Bg7 5. Be2 O-O 6. O-O Bg4 7. Be3 Nbd7 8.
Qd2 e5 9. Rad1 Ne8 10. dxe5 Bxf3 11. Bxf3 Nxe5 12. Be2 f5 13. f4 Nc6 14. exf5
Rxf5 15. Rfe1 Kh8 16. Ne4 Nf6 17. Nxf6 Rxf6 18. Bf3 Qf8 19. g3 Re6 20. Bd5 Re7
21. c3 Rae8 22. Bf2 a6 23. Rxe7 Rxe7 24. Re1 Nd8 25. Bb3 Qe8 26. Rxe7 Qxe7 27.
Qd5 Qe8 28. f5 gxf5 29. Qxf5 Qg6 30. Qxg6 hxg6 31. Bc2 g5 32. Be3 Bf6 33. Bf5
b6 34. Kg2 Kg7 35. Kf3 Nc6 36. Kg4 Ne5+ 37. Kh5 Nf3 38. h3 Be5 39. Be4 Nh2 40.
Bxg5 Nf1 41. Bh6+ Kf6 42. Bg5+ Kg7 43. Bd3 Nxg3+ 44. Kg4 d5 45. Bh4 Ne4 46.
Bxe4 dxe4 47. Kf5 Bd6 48. Kxe4 c6 49. Kf5 Kf7 50. Bf6 b5 51. h4 a5 52. b3 a4
53. bxa4 bxa4 54. c4 Bf8 55. h5 Bh6 56. Bg5 Bg7 57. h6 Bc3 58. Bf4 1-0

[Event "9. Lichtenberger Sommer"]
[Site "Berlin"]
[Date "2010.08.07"]
[Round "2.26"]
[White "Strobel, Norbert"]
[Black "Simon, Ralf-Axel"]
[Result "0-1"]
[WhiteElo "1986"]
[BlackElo "2206"]
[PlyCount "52"]
[EventDate "2010.??.??"]
[WhiteTeam "SK Zirndorf e.V."]
[BlackTeam "TSG Neuruppin"]

1. d4 d5 2. Nf3 e6 3. c4 Nf6 4. Nc3 c6 5. Bg5 h6 6. Bh4 dxc4 7. a4 Bb4 8. e3 b5
9. Qc2 Bb7 10. Bxf6 Qxf6 11. b3 Qf5 12. Kd1 cxb3 13. Qxb3 a5 14. axb5 cxb5 15.
Bxb5+ Ke7 16. Ke2 Rc8 17. Bd3 Ba6 18. e4 Rxc3 19. Qxc3 Qxe4+ 20. Kd1 Bxd3 21.
Qc7+ Nd7 22. Ra2 Bc4 23. Qxc4 Qb1+ 24. Ke2 Qxh1 25. d5 Qxg2 26. Qc6 Qxf3+ 0-1

[Event "9. Lichtenberger Sommer"]
[Site "Berlin"]
[Date "2010.08.07"]
[Round "2.27"]
[White "Krebs, Alexander"]
[Black "Glantz, Robert"]
[Result "0-1"]
[WhiteElo "1884"]
[BlackElo "2207"]
[PlyCount "62"]
[EventDate "2010.??.??"]
[WhiteTeam "Ueberstorf"]
[BlackTeam "Sfrd. Berlin 1903 e.V."]

1. d4 Nf6 2. Bg5 e6 3. e4 h6 4. Bxf6 Qxf6 5. Qd2 b6 6. Nc3 Bb4 7. Nf3 Bb7 8.
Qe3 O-O 9. a3 Bxc3+ 10. bxc3 d6 11. Bd3 e5 12. O-O Nc6 13. Rfe1 Ne7 14. d5 Bc8
15. a4 a5 16. Rab1 g5 17. g3 Ng6 18. Bf1 Kg7 19. h3 Bd7 20. Ra1 Qe7 21. c4 f6
22. Kh2 Rf7 23. Bg2 Raf8 24. Nd2 h5 25. Rf1 Qe8 26. Qb3 f5 27. Kg1 f4 28. Nf3
Qe7 29. Nh2 g4 30. hxg4 hxg4 31. f3 fxg3 0-1

[Event "9. Lichtenberger Sommer"]
[Site "Berlin"]
[Date "2010.08.07"]
[Round "2.28"]
[White "Lerch, Philipp"]
[Black "Kurz, Christian"]
[Result "1/2-1/2"]
[WhiteElo "1944"]
[BlackElo "2133"]
[PlyCount "54"]
[EventDate "2010.??.??"]
[WhiteTeam "SK König Tegel 1949 e.V."]
[BlackTeam "SC Bechhofen 1923 e.V."]

1. e4 e6 2. d3 c5 3. Nd2 Nc6 4. g3 g6 5. Bg2 Bg7 6. Ngf3 Nge7 7. O-O O-O 8. c3
d5 9. Qe2 b5 10. h4 b4 11. e5 Ba6 12. c4 Qc7 13. Re1 Rad8 14. Nb3 Nf5 15. Bf4
dxc4 16. dxc4 Ncd4 17. Nbxd4 Nxd4 18. Nxd4 Rxd4 19. b3 h6 20. Be3 Qxe5 21. Bxd4
Qxe2 22. Rxe2 Bxd4 23. Rd1 Rd8 24. Kf1 e5 25. Rxe5 Rd6 26. Re7 Kg7 27. f4 Bc8
1/2-1/2

[Event "9. Lichtenberger Sommer"]
[Site "Berlin"]
[Date "2010.08.07"]
[Round "2.29"]
[White "Rohde, Wolfgang"]
[Black "Ewald, Patrick"]
[Result "1-0"]
[WhiteElo "2166"]
[BlackElo "1890"]
[PlyCount "57"]
[EventDate "2010.??.??"]
[WhiteTeam "SC Friesen Lichtenberg e.V."]
[BlackTeam "vereinslos"]

1. d4 d5 2. c4 c6 3. Nf3 Bf5 4. Qb3 Qc7 5. cxd5 cxd5 6. Nc3 e6 7. Bf4 Qxf4 8.
Qxb7 Qd6 9. e4 a6 10. exf5 Qc6 11. Qb3 Nd7 12. Ne5 Nxe5 13. dxe5 Bc5 14. Be2
Ne7 15. fxe6 Qxe6 16. Qa4+ Nc6 17. Bg4 Qxe5+ 18. Kf1 O-O 19. Qxc6 Qd4 20. Nd1
Rfe8 21. Ne3 Qxb2 22. Rd1 Bxe3 23. fxe3 Qe5 24. Qc5 h5 25. Bf3 Rac8 26. Qd4
Qxe3 27. Qxe3 Rxe3 28. Kf2 Rec3 29. Rhe1 1-0